Διδάσκοντας και μαθαίνοντας γλώσσα με το ChatGPT / (Record no. 9978)
[ view plain ]
| 000 -LEADER | |
|---|---|
| fixed length control field | 00665nam a22001817a 4500 |
| 005 - ΗΜΕΡΟΜΗΝΙΑ ΚΑΙ ΩΡΑ ΤΕΛΕΥΤΑΙΑΣ ΕΝΗΜΕΡΩΣΗΣ | |
| Πεδίο ελέγχου | 20251201094126.0 |
| 006 - FIXED-LENGTH DATA ELEMENTS--ADDITIONAL MATERIAL CHARACTERISTICS | |
| Πεδίο ελέγχου σταθερού μήκους | a|||||r||||||||||| |
| 008 - FIXED-LENGTH DATA ELEMENTS--GENERAL INFORMATION | |
| Πεδίο ελέγχου σταθερού μήκους | 251201s |||||||| |||| 00| ||gre d |
| 020 ## - ISBN | |
| ISBN | 9789605864798 |
| Επεξηγηματικές πληροφορίες | χαρτόδετο |
| 040 ## - ΠΗΓΗ ΚΑΤΑΛΟΓΟΓΡΑΦΗΣΗΣ | |
| Φορέας πρωτότυπης καταλογογράφησης | MC Thessaloniki Campus Library |
| Γλώσσα καταλογογράφησης | Ελληνικά, Μοντέρνα (1453-) |
| Modifying agency | MC Thessaloniki Campus Library |
| Κανόνες περιγραφικής καταλογογράφησης | AACR2 |
| 100 1# - MAIN ENTRY--PERSONAL NAME | |
| Σχέση | Συγγραφέας |
| Personal name | Γαβριηλίδου, Ζωή, |
| 245 10 - ΤΙΤΛΟΣ ΚΑΙ ΔΗΛΩΣΗ ΥΠΕΥΘΥΝΟΤΗΤΑΣ | |
| Τίτλος | Διδάσκοντας και μαθαίνοντας γλώσσα με το ChatGPT / |
| 250 ## - EDITION STATEMENT | |
| Edition statement | 1η έκδοση |
| 260 ## - PUBLICATION, DISTRIBUTION, ETC. | |
| Place of publication, distribution, etc. | Αθήνα : |
| Name of publisher, distributor, etc. | Εκδόσεις Κριτική, |
| Date of publication, distribution, etc. | 2024 |
| 300 ## - PHYSICAL DESCRIPTION | |
| Extent | 121 σελίδες : |
| Other physical details | εικονογράφηση (ασπρόμαυρη) ; |
| Διαστάσεις | 21 εκ. |
| 942 ## - ADDED ENTRY ELEMENTS (KOHA) | |
| Koha item type | Books |
No items available.